[Event "XXVI Corsicoscacchi Magistrale"]
[Site "Corsico ITA"]
[Date "2003.05.03"]
[Round "6"]
[White "Bonanno, Alessandro"]
[Black "Ubezio, Marco"]
[Result "1/2-1/2"]
[WhiteElo "2109"]
[BlackElo "2195"]
[PlyCount "53"]
[EventDate "2003.04.30"]

1. e4 Nf6 2. e5 Nd5 3. Nc3 Nb6 4. f4 d6 5. Nf3 Bg4 6. h3 Bxf3 7. Qxf3 dxe5 8.
fxe5 e6 9. b3 Bc5 10. Bb2 O-O 11. Bd3 N8d7 12. Ne4 Qh4+ 13. g3 Qh6 14. O-O-O
Nd5 15. a3 a5 16. h4 a4 17. c4 Nxe5 18. Bxe5 Bxa3+ 19. Kb1 Nb4 20. Bxg7 Qxg7
21. Nf6+ Kh8 22. Bxh7 Nd5 23. cxd5 Be7 24. Rhf1 Bxf6 25. Qxf6 Kxh7 26. dxe6
fxe6 27. Qxg7+ 1/2-1/2

[Event "XXVI Corsicoscacchi Magistrale"]
[Site "Corsico ITA"]
[Date "2003.05.03"]
[Round "6"]
[White "Cedriano, Filippo"]
[Black "Kidane, Robel"]
[Result "1-0"]
[WhiteElo "1807"]
[BlackElo "2054"]
[PlyCount "45"]
[EventDate "2003.04.30"]

1. e4 c5 2. Nf3 d6 3. d4 cxd4 4. Nxd4 Nf6 5. Nc3 a6 6. Bc4 e6 7. Bb3 Be7 8. Qe2
O-O 9. Be3 b5 10. f3 Bd7 11. a3 Qc7 12. O-O-O Nc6 13. g4 Rfc8 14. g5 Ne8 15.
Nxc6 Bxc6 16. f4 Qb8 17. f5 Nc7 18. Qg4 d5 19. fxe6 fxe6 20. exd5 exd5 21. g6
hxg6 22. Qxg6 Be8 23. Qe4 1-0

[Event "XXVI Corsicoscacchi Magistrale"]
[Site "Corsico ITA"]
[Date "2003.05.03"]
[Round "6"]
[White "Cereda, Loris"]
[Black "Strada, Stefano"]
[Result "1/2-1/2"]
[WhiteElo "1917"]
[BlackElo "1815"]
[PlyCount "102"]
[EventDate "2003.04.30"]

1. e4 e6 2. d4 b6 3. Bd3 Bb7 4. Nf3 Nf6 5. Nbd2 c5 6. c3 Be7 7. O-O Nc6 8. Re1
d6 9. Nc4 Nd7 10. d5 Nce5 11. Nfxe5 Nxe5 12. Nxe5 dxe5 13. Bb5+ Kf8 14. dxe6
Qxd1 15. Rxd1 fxe6 16. f3 Kf7 17. Be3 Rhd8 18. Kf2 a6 19. Be2 Bc6 20. Rxd8 Bxd8
21. Rd1 Be7 22. c4 Rd8 23. Rxd8 Bxd8 24. b3 a5 25. Bc1 Be7 26. Bb2 Bd6 27. Ke3
h6 28. Bd3 g5 29. Kf2 Kg6 30. g3 Kf7 31. Bc1 Bc7 32. h4 Kf6 33. hxg5+ hxg5 34.
Ke3 Be8 35. Bf1 Bh5 36. Bh3 Be8 37. Kd3 Bh5 38. Bg4 Bxg4 39. fxg4 Bd8 40. Kc2
Kf7 41. Kb2 Ke8 42. Ka3 Kd7 43. Ka4 Kc6 44. Bd2 Be7 45. a3 Bd8 46. Bc1 Be7 47.
Be3 Bd8 48. b4 axb4 49. axb4 cxb4 50. Kxb4 Bf6 51. Ka4 Bd8 1/2-1/2

[Event "XXVI Corsicoscacchi Magistrale"]
[Site "Corsico ITA"]
[Date "2003.05.03"]
[Round "6"]
[White "Chiaretti, Roberto"]
[Black "Zigura, Oleg"]
[Result "0-1"]
[WhiteElo "2194"]
[BlackElo "2367"]
[PlyCount "82"]
[EventDate "2003.04.30"]

1. e4 c5 2. c3 b6 3. d4 Bb7 4. f3 e6 5. Be3 Nf6 6. Bd3 Nc6 7. a3 Qc8 8. b4 Be7
9. Ne2 a5 10. b5 Nb8 11. a4 d6 12. Nd2 Nbd7 13. O-O Qc7 14. Qe1 h6 15. Kh1
O-O-O 16. Bb1 g5 17. Nc1 Rdg8 18. Bg1 h5 19. Nd3 g4 20. dxc5 dxc5 21. Nc4 h4
22. Be3 gxf3 23. gxf3 Ng4 24. Bf4 e5 25. Bd2 f5 26. Nf2 Nxf2+ 27. Rxf2 f4 28.
Rg2 Nf6 29. Rxg8+ Rxg8 30. Bd3 Kb8 31. Qe2 Nh5 32. Rg1 Rh8 33. Kg2 h3+ 34. Kf1
Ng3+ 35. hxg3 fxg3 36. Ne3 Bg5 37. Ng4 Bf4 38. Be1 g2+ 39. Rxg2 hxg2+ 40. Qxg2
Bc8 41. Ke2 Bxg4 0-1

[Event "XXVI Corsicoscacchi Magistrale"]
[Site "Corsico ITA"]
[Date "2003.05.03"]
[Round "6"]
[White "Di Lascio, Savino"]
[Black "Astengo, Marcello"]
[Result "0-1"]
[WhiteElo "1895"]
[BlackElo "2055"]
[PlyCount "70"]
[EventDate "2003.04.30"]

1. Nf3 d5 2. g3 c6 3. Bg2 Nf6 4. O-O Bf5 5. d3 h6 6. c3 Nbd7 7. Nbd2 e6 8. b4
Be7 9. b5 cxb5 10. Nd4 Bg6 11. Nxb5 O-O 12. c4 Nc5 13. a4 a6 14. Nc3 Rc8 15.
Bb2 Qb6 16. Ra2 Rfd8 17. Qa1 d4 18. a5 Qa7 19. Na4 Nxa4 20. Rxa4 e5 21. f4 e4
22. f5 Bh5 23. Re1 Bg4 24. Nxe4 Bxf5 25. Nxf6+ Bxf6 26. Rb4 Rc7 27. Rb6 Qb8 28.
e4 Bh7 29. e5 Be7 30. Bxd4 Rxd4 31. Bxb7 Bc5 32. Kg2 Rxb7 33. e6 Rxb6 34. exf7+
Kxf7 35. axb6 Qb7+ 0-1

[Event "XXVI Corsicoscacchi Magistrale"]
[Site "Corsico ITA"]
[Date "2003.05.03"]
[Round "6"]
[White "Gandolfi, Gianfranco"]
[Black "Podini, Francesco"]
[Result "1/2-1/2"]
[WhiteElo "2013"]
[BlackElo "2043"]
[PlyCount "51"]
[EventDate "2003.04.30"]

1. e4 c5 2. Nf3 e6 3. d4 cxd4 4. Nxd4 Nf6 5. Nc3 d6 6. Be2 Be7 7. Be3 O-O 8.
O-O Nc6 9. f4 e5 10. Nb3 exf4 11. Rxf4 Nd7 12. Nd5 Bg5 13. Rf2 Bxe3 14. Nxe3
Nde5 15. Qd2 Be6 16. Raf1 Qb6 17. Kh1 Rac8 18. Nf5 Bxf5 19. Rxf5 Ne7 20. Rg5
N7g6 21. c3 Qc6 22. Bd3 Qa4 23. Bb1 Qa6 24. Rgf5 Qb6 25. Qf2 Qxf2 26. R5xf2
1/2-1/2

[Event "XXVI Corsicoscacchi Magistrale"]
[Site "Corsico ITA"]
[Date "2003.05.03"]
[Round "6"]
[White "Gentili, Gianguido"]
[Black "Mazzariol, Oscar"]
[Result "0-1"]
[WhiteElo "1768"]
[BlackElo "2061"]
[PlyCount "78"]
[EventDate "2003.04.30"]

1. e4 c5 2. Nf3 Nc6 3. d4 cxd4 4. Nxd4 g6 5. g3 Bg7 6. c3 d5 7. Nxc6 bxc6 8.
Bg2 Nf6 9. exd5 cxd5 10. O-O O-O 11. Nd2 Rb8 12. Nb3 Re8 13. Qd4 Rb6 14. Qh4 e5
15. Be3 Ra6 16. h3 Qc7 17. Rfd1 Bf5 18. Bf1 Rae6 19. Qa4 R8e7 20. Nc5 Rc6 21.
b4 Ne4 22. Nxe4 Bxe4 23. Bc5 Rxc5 24. bxc5 Qxc5 25. Bg2 Bxg2 26. Kxg2 e4 27.
Rab1 Bxc3 28. Rb5 Qd6 29. Rbxd5 Qf6 30. Rd8+ Kg7 31. Qc2 e3 32. Qe2 Qc6+ 33.
Kg1 exf2+ 34. Qxf2 Rb7 35. Rc1 Qe4 36. Rf1 Ba5 37. Qf6+ Kh6 38. Qf4+ Qxf4 39.
Rxf4 Bxd8 0-1

[Event "XXVI Corsicoscacchi Magistrale"]
[Site "Corsico ITA"]
[Date "2003.05.03"]
[Round "6"]
[White "Lanzani, Giuliano"]
[Black "De Santis, Massimo"]
[Result "1-0"]
[WhiteElo "1833"]
[BlackElo "1840"]
[PlyCount "79"]
[EventDate "2003.04.30"]

1. e4 d5 2. exd5 Qxd5 3. Nc3 Qa5 4. d4 Nf6 5. Nf3 Bf5 6. Bd3 Bxd3 7. Qxd3 Nc6
8. Qb5 Qxb5 9. Nxb5 O-O-O 10. Ng5 Nxd4 11. Nxd4 Rxd4 12. Nxf7 Rg8 13. Be3 Rd7
14. Ke2 e6 15. Ng5 e5 16. Rad1 Bd6 17. c4 b6 18. f3 Re8 19. Ne4 Nxe4 20. fxe4
Rf8 21. Rhf1 Rdf7 22. Rxf7 Rxf7 23. c5 bxc5 24. Rd5 Kd7 25. Bxc5 Ke6 26. b4 Rd7
27. Kd3 c6 28. Rxd6+ Rxd6+ 29. Bxd6 Kxd6 30. Kc4 h6 31. b5 cxb5+ 32. Kxb5 a6+
33. Kxa6 Kc5 34. a4 Kd4 35. a5 Kxe4 36. Kb5 Kd3 37. a6 e4 38. a7 e3 39. a8=Q e2
40. Qa5 1-0

[Event "XXVI Corsicoscacchi Magistrale"]
[Site "Corsico ITA"]
[Date "2003.05.03"]
[Round "6"]
[White "Lapiccirella, Daniele"]
[Black "Zoldan, Matteo"]
[Result "1/2-1/2"]
[WhiteElo "2105"]
[BlackElo "2124"]
[PlyCount "80"]
[EventDate "2003.04.30"]

1. d4 Nf6 2. c4 g6 3. Nc3 Bg7 4. e4 d6 5. f3 O-O 6. Be3 Nc6 7. Nge2 e5 8. d5
Ne7 9. Qd2 Ne8 10. Nc1 f5 11. Be2 Nf6 12. Nd3 Rf7 13. c5 Kh8 14. O-O-O Neg8 15.
Rdg1 Bd7 16. Kb1 Ne7 17. g4 Ne8 18. h4 f4 19. Bf2 c6 20. cxd6 Nxd6 21. Nc5 cxd5
22. Nxd7 Qxd7 23. Nxd5 Nc6 24. h5 g5 25. h6 Bf6 26. Nxf6 Rxf6 27. Rd1 Qe6 28.
Qd5 Rd8 29. Bc5 Nf7 30. Qxe6 Rxd1+ 31. Rxd1 Rxe6 32. Bc4 Rf6 33. Rd7 Nxh6 34.
Bd6 Nxg4 35. fxg4 f3 36. Rf7 Rxd6 37. Rxf3 Rd1+ 38. Kc2 Nd4+ 39. Kxd1 Nxf3 40.
Ke2 Nd4+ 1/2-1/2

[Event "XXVI Corsicoscacchi Magistrale"]
[Site "Corsico ITA"]
[Date "2003.05.03"]
[Round "6"]
[White "Lucchese, Paolo"]
[Black "Damia, Angelo"]
[Result "1-0"]
[WhiteElo "1818"]
[BlackElo "1991"]
[PlyCount "43"]
[EventDate "2003.04.30"]

1. e4 c5 2. Nf3 a6 3. d4 cxd4 4. Nxd4 Nf6 5. Nc3 e5 6. Nf3 Bb4 7. Bc4 Qc7 8.
Qd3 b5 9. Bb3 Bb7 10. Ng5 O-O 11. Bd2 h6 12. h4 Nc6 13. a3 Ba5 14. O-O-O Nd4
15. Ba2 Bxc3 16. Bxc3 hxg5 17. hxg5 Bxe4 18. Qe3 Bxg2 19. gxf6 Bxh1 20. Rg1 Nf5
21. Rxg7+ Nxg7 22. Qg5 1-0

[Event "XXVI Corsicoscacchi Magistrale"]
[Site "Corsico ITA"]
[Date "2003.05.03"]
[Round "6"]
[White "Pattarello, Pierluigi"]
[Black "Pelizzola, Danilo"]
[Result "0-1"]
[WhiteElo "1815"]
[BlackElo "1998"]
[PlyCount "92"]
[EventDate "2003.04.30"]

1. d4 Nf6 2. c4 e6 3. Nc3 Bb4 4. e3 b6 5. Bd3 Bb7 6. f3 c5 7. Nge2 Nc6 8. O-O
Bxc3 9. bxc3 d6 10. e4 e5 11. d5 Na5 12. f4 Nd7 13. Ng3 Qe7 14. Nf5 Qf8 15.
fxe5 Nxe5 16. Bf4 Bc8 17. Bxe5 dxe5 18. Qf3 Bxf5 19. exf5 f6 20. g4 O-O-O 21.
h4 h6 22. Rfe1 Qd6 23. Qe4 Kc7 24. Re2 b5 25. cxb5 Qxd5 26. Qxd5 Rxd5 27. Be4
Rd6 28. a4 Rhd8 29. Kf2 Kb6 30. Raa2 Nc4 31. Bc2 Rd2 32. Bb3 Rxe2+ 33. Kxe2 Na5
34. Be6 c4 35. Rd2 Rxd2+ 36. Kxd2 Kc5 37. Bc8 Nb3+ 38. Ke3 Kd6 39. Be6 Kc5 40.
Bc8 Nc1 41. Kd2 Nd3 42. Bd7 Nf2 43. g5 hxg5 44. hxg5 Ne4+ 45. Ke3 Nxc3 46. gxf6
gxf6 0-1

[Event "XXVI Corsicoscacchi Magistrale"]
[Site "Corsico ITA"]
[Date "2003.05.03"]
[Round "6"]
[White "Popa, Florin"]
[Black "Bozzali, Ermanno"]
[Result "1-0"]
[WhiteElo "2204"]
[BlackElo "2095"]
[PlyCount "107"]
[EventDate "2003.04.30"]

1. e4 c5 2. c3 Nf6 3. e5 Nd5 4. d4 cxd4 5. cxd4 e6 6. Nf3 b6 7. Bg5 Bb4+ 8.
Nbd2 f6 9. exf6 Nxf6 10. Qa4 Be7 11. Bd3 O-O 12. Rc1 Bb7 13. Bb1 Nc6 14. O-O
Nb4 15. Bxf6 Rxf6 16. Ne5 Rf4 17. a3 b5 18. Qb3 Bd5 19. Qe3 Bg5 20. axb4 Rg4
21. Nxg4 Bxe3 22. Nxe3 Qg5 23. Rc5 Qf4 24. Rd1 Rf8 25. Rf1 Qxd4 26. Rd1 Qxb4
27. Rc2 Qf4 28. Nxd5 Qxf2+ 29. Kh1 exd5 30. Nf3 Qe3 31. Ba2 Rf5 32. Bxd5+ Kf8
33. h3 g5 34. Rc8+ Kg7 35. Re1 Qxe1+ 36. Nxe1 Rxd5 37. Nf3 h5 38. Kh2 a5 39.
Kg3 a4 40. Re8 Rd3 41. Re5 g4 42. hxg4 hxg4 43. Kxg4 Rb3 44. Re2 Kf6 45. Rf2
Ke7 46. Kf5 b4 47. Re2+ Kd8 48. Nd4 Rd3 49. Ke4 Rd1 50. Nc2 d5+ 51. Ke5 a3 52.
Nxb4 axb2 53. Rxb2 Ke7 54. Rf2 1-0

[Event "XXVI Corsicoscacchi Magistrale"]
[Site "Corsico ITA"]
[Date "2003.05.03"]
[Round "6"]
[White "Radice, Luca"]
[Black "Nannelli, Paolo"]
[Result "1/2-1/2"]
[WhiteElo "2087"]
[BlackElo "2174"]
[PlyCount "39"]
[EventDate "2003.04.30"]

1. d4 e6 2. c4 b6 3. Nc3 Bb7 4. Nf3 Nf6 5. g3 Be7 6. Bg2 O-O 7. O-O Ne4 8. Qc2
Nxc3 9. Qxc3 Bf6 10. Be3 Be4 11. Qd2 d6 12. Rad1 c6 13. Bg5 Nd7 14. h4 Bxg5 15.
hxg5 Rc8 16. Qf4 Bxf3 17. Bxf3 Qe7 18. Bg4 f5 19. gxf6 Nxf6 20. Qg5 1/2-1/2

[Event "XXVI Corsicoscacchi Magistrale"]
[Site "Corsico ITA"]
[Date "2003.05.03"]
[Round "6"]
[White "Rossi, Giampiero"]
[Black "Cazzaniga, Walter"]
[Result "0-1"]
[WhiteElo "2052"]
[BlackElo "2094"]
[PlyCount "68"]
[EventDate "2003.04.30"]

1. d4 Nf6 2. c4 g6 3. g3 Bg7 4. Bg2 O-O 5. Nc3 d6 6. Nf3 c6 7. O-O Nbd7 8. Qc2
e5 9. Rd1 Qe7 10. b3 exd4 11. Nxd4 a5 12. h3 Nc5 13. Be3 Bd7 14. Rac1 Nh5 15.
Qd2 Rfe8 16. g4 Nf6 17. Bf4 Bf8 18. e3 Rad8 19. Nce2 Nfe4 20. Qc2 Bc8 21. Nc3
Nf6 22. a3 h5 23. g5 Nfd7 24. b4 axb4 25. axb4 Ne6 26. Nxe6 Qxe6 27. Rd4 Ne5
28. Ne4 Be7 29. Rcd1 Kg7 30. Qc3 Kh7 31. Rxd6 Rxd6 32. Rxd6 Bxd6 33. Nf6+ Kg7
34. c5 Bc7 0-1

[Event "XXVI Corsicoscacchi Magistrale"]
[Site "Corsico ITA"]
[Date "2003.05.04"]
[Round "7"]
[White "Astengo, Marcello"]
[Black "Lapiccirella, Daniele"]
[Result "1-0"]
[WhiteElo "2055"]
[BlackElo "2105"]
[PlyCount "49"]
[EventDate "2003.04.30"]

1. d4 d5 2. Nf3 Nf6 3. Bf4 Bg4 4. Ne5 Bh5 5. h3 Nbd7 6. f3 e6 7. g4 Bg6 8. h4
h5 9. Nxg6 fxg6 10. Qd3 Kf7 11. g5 Ng8 12. Bh3 c5 13. Nc3 Qb6 14. O-O-O c4 15.
Qe3 Ne7 16. Qf2 Qc6 17. e4 Kg8 18. Rhe1 dxe4 19. fxe4 b5 20. d5 exd5 21. exd5
Qb7 22. d6 Nc6 23. Nd5 Rd8 24. Ne7+ Kh7 25. Bg2 1-0

[Event "XXVI Corsicoscacchi Magistrale"]
[Site "Corsico ITA"]
[Date "2003.05.04"]
[Round "7"]
[White "Bonazzi, Edoardo"]
[Black "Bonanno, Alessandro"]
[Result "0-1"]
[WhiteElo "2153"]
[BlackElo "2109"]
[PlyCount "76"]
[EventDate "2003.04.30"]

1. Nf3 Nf6 2. c4 g6 3. Nc3 Bg7 4. e4 d6 5. d4 O-O 6. Be2 e5 7. O-O Nc6 8. d5
Ne7 9. b4 Ne8 10. Nd2 f5 11. f3 Kh8 12. c5 Ng8 13. Nc4 Ngf6 14. a4 h5 15. Ba3
f4 16. b5 g5 17. a5 b6 18. axb6 axb6 19. cxb6 cxb6 20. Qe1 Rg8 21. Qf2 Rb8 22.
Na4 g4 23. Qh4 Bh6 24. fxg4 Bg5 25. Qe1 hxg4 26. Bd3 Rg6 27. Qb4 Nh5 28. Bb2
Bf6 29. Rac1 Bg7 30. Ncxb6 g3 31. Rxc8 gxh2+ 32. Kh1 Rxc8 33. Nxc8 Qh4 34. Rf3
Ng3+ 35. Rxg3 Qxg3 36. Qd2 f3 37. Bf1 Bh6 38. Qc2 Qe1 0-1

[Event "XXVI Corsicoscacchi Magistrale"]
[Site "Corsico ITA"]
[Date "2003.05.04"]
[Round "7"]
[White "Bozzali, Ermanno"]
[Black "Chiaretti, Roberto"]
[Result "1-0"]
[WhiteElo "2095"]
[BlackElo "2194"]
[PlyCount "113"]
[EventDate "2003.04.30"]

1. e4 e5 2. Nf3 Nc6 3. Bb5 Nf6 4. O-O Nxe4 5. d4 Nd6 6. Bxc6 dxc6 7. dxe5 Nf5
8. Qxd8+ Kxd8 9. Nc3 Bd7 10. h3 Ne7 11. Rd1 Kc8 12. b3 Ng6 13. Bb2 h5 14. Ne2
c5 15. Nd2 a5 16. a4 Bc6 17. Nf1 c4 18. bxc4 Bc5 19. Nd4 Be4 20. Re1 Bxd4 21.
Bxd4 Bxc2 22. Ne3 Be4 23. f3 Bc6 24. Nf5 Rd8 25. Bc3 Rd3 26. Rac1 Bxa4 27. Nxg7
Bb3 28. e6 fxe6 29. Rxe6 Nf4 30. Re4 Ng6 31. f4 Ba4 32. f5 Bc6 33. Rg4 Nf8 34.
Nxh5 b6 35. Nf4 Rd7 36. Rg8 Kb7 37. Bg7 Nh7 38. Rxa8 Kxa8 39. Bh6 Kb7 40. Ne6
Nf6 41. g4 Ne4 42. Be3 Rd3 43. Bf4 a4 44. g5 a3 45. g6 Nf6 46. Be5 Be4 47. Bxf6
Bxf5 48. Nf4 Rb3 49. Kf2 Be4 50. g7 Bh7 51. Re1 Bg8 52. Re3 Bxc4 53. Rxb3 Bxb3
54. h4 c5 55. h5 b5 56. h6 Bg8 57. Ne6 1-0

[Event "XXVI Corsicoscacchi Magistrale"]
[Site "Corsico ITA"]
[Date "2003.05.04"]
[Round "7"]
[White "Cazzaniga, Walter"]
[Black "Radice, Luca"]
[Result "1/2-1/2"]
[WhiteElo "2094"]
[BlackElo "2087"]
[PlyCount "85"]
[EventDate "2003.04.30"]

1. d4 d5 2. c4 Bf5 3. Nc3 e6 4. Nf3 c6 5. g3 Nf6 6. Bg2 Nbd7 7. Qb3 Qb6 8. O-O
Be7 9. h3 h6 10. c5 Qa6 11. Re1 b6 12. cxb6 axb6 13. Nh4 Bh7 14. e4 Nxe4 15.
Nxe4 dxe4 16. Bxe4 Bxe4 17. Rxe4 Bxh4 18. gxh4 Nf6 19. Re3 Rd8 20. Rg3 Nh5 21.
Rg4 Rd5 22. Qc2 Qc8 23. Be3 Qd7 24. Rc1 Rd6 25. Qe2 Rd5 26. Qa6 O-O 27. Qxb6 f5
28. Rg2 f4 29. Bd2 Rxd4 30. Bb4 f3 31. Rg4 Rd1+ 32. Rxd1 Qxd1+ 33. Kh2 Rd8 34.
Qxc6 Qe2 35. Bc5 Qe5+ 36. Kh1 Rd1+ 37. Rg1 Rxg1+ 38. Kxg1 Qe1+ 39. Kh2 Qe5+ 40.
Kg1 Qe1+ 41. Kh2 Qe5+ 42. Kg1 Qf5 43. Kh2 1/2-1/2

[Event "XXVI Corsicoscacchi Magistrale"]
[Site "Corsico ITA"]
[Date "2003.05.04"]
[Round "7"]
[White "Damia, Angelo"]
[Black "Cereda, Loris"]
[Result "0-1"]
[WhiteElo "1991"]
[BlackElo "1917"]
[PlyCount "28"]
[EventDate "2003.04.30"]

1. d4 d5 2. c4 e6 3. Nc3 Nf6 4. Bg5 Nbd7 5. cxd5 exd5 6. Nxd5 Nxd5 7. Bxd8 Bb4+
8. Qd2 Bxd2+ 9. Kxd2 Kxd8 10. e4 N5b6 11. f4 c6 12. Kc3 Kc7 13. Bd3 Nf6 14. h3
Re8 0-1

[Event "XXVI Corsicoscacchi Magistrale"]
[Site "Corsico ITA"]
[Date "2003.05.04"]
[Round "7"]
[White "Gentili, Gianguido"]
[Black "Rossi, Giampiero"]
[Result "0-1"]
[WhiteElo "1768"]
[BlackElo "2052"]
[PlyCount "84"]
[EventDate "2003.04.30"]

1. e4 c5 2. Nf3 e6 3. d4 cxd4 4. Nxd4 a6 5. c4 Nf6 6. Nc3 Qc7 7. Be2 Be7 8. Be3
O-O 9. O-O Nc6 10. Nc2 d6 11. f3 Bd7 12. Qe1 Rfc8 13. Qf2 Ne5 14. Bb6 Qb8 15.
b3 Bc6 16. Ne3 Ned7 17. Ncd5 Bxd5 18. exd5 Nxb6 19. Bd3 Qc7 20. dxe6 fxe6 21.
Rae1 d5 22. Qh4 dxc4 23. bxc4 Rd8 24. Bb1 Bc5 25. Kh1 Bxe3 26. Rxe3 Qxc4 27.
Qe1 Rd6 28. Rc3 Qb5 29. Rb3 Qd7 30. g4 Rd8 31. Qf2 Nc4 32. g5 Nd2 33. Rg1 Ne8
34. Rb4 Nxb1 35. Rbxb1 g6 36. Qb2 Rd2 37. Qb3 Qd6 38. Rg2 Rxg2 39. Kxg2 b5 40.
Re1 Ng7 41. Re2 Qd5 42. Qe3 Nf5 0-1

[Event "XXVI Corsicoscacchi Magistrale"]
[Site "Corsico ITA"]
[Date "2003.05.04"]
[Round "7"]
[White "Kidane, Robel"]
[Black "Di Lascio, Savino"]
[Result "1-0"]
[WhiteElo "2054"]
[BlackElo "1895"]
[PlyCount "61"]
[EventDate "2003.04.30"]

1. e4 c6 2. d4 d5 3. Nc3 dxe4 4. Nxe4 Nf6 5. Nxf6+ gxf6 6. Nf3 Bf5 7. Bd3 Nd7
8. O-O Bxd3 9. Qxd3 Qc7 10. c4 O-O-O 11. Be3 e6 12. Qc2 f5 13. d5 Bc5 14. Bxc5
Nxc5 15. b4 Ne4 16. Nd4 Rhg8 17. Rad1 Rg6 18. f3 Ng5 19. dxc6 bxc6 20. Qa4 e5
21. Nxf5 Nh3+ 22. Kh1 Rxd1 23. Qxd1 Nf4 24. Rf2 Rg5 25. Nd6+ Kb8 26. Ne4 Rg6
27. Rd2 Ne6 28. Rd7 Qc8 29. Nc5 Nd4 30. Qa4 a6 31. Nxa6+ 1-0

[Event "XXVI Corsicoscacchi Magistrale"]
[Site "Corsico ITA"]
[Date "2003.05.04"]
[Round "7"]
[White "Mazzariol, Oscar"]
[Black "Stefanetti, Marco"]
[Result "1-0"]
[WhiteElo "2061"]
[BlackElo "1873"]
[PlyCount "50"]
[EventDate "2003.04.30"]

1. e4 c6 2. d4 d5 3. exd5 cxd5 4. c4 Nf6 5. Nc3 e6 6. Nf3 Be7 7. Bd3 Nc6 8. O-O
O-O 9. a3 dxc4 10. Bxc4 b6 11. Bg5 Bb7 12. Qd3 Rc8 13. Rad1 Ng4 14. Ne4 Na5 15.
Bxe7 Qxe7 16. Neg5 g6 17. Ba2 h6 18. Nxe6 Bxf3 19. gxf3 Nxh2 20. Kxh2 Qh4+ 21.
Kg2 fxe6 22. Bxe6+ Kg7 23. Bxc8 Rxc8 24. Rg1 Nc4 25. d5 Nxb2 1-0

[Event "XXVI Corsicoscacchi Magistrale"]
[Site "Corsico ITA"]
[Date "2003.05.04"]
[Round "7"]
[White "Nannelli, Paolo"]
[Black "Cedriano, Filippo"]
[Result "1-0"]
[WhiteElo "2174"]
[BlackElo "1807"]
[PlyCount "29"]
[EventDate "2003.04.30"]

1. c4 g6 2. g3 Bg7 3. Bg2 Nf6 4. Nc3 d6 5. e4 e5 6. Nge2 O-O 7. O-O Nc6 8. f4
exf4 9. gxf4 Bg4 10. h3 Be6 11. b3 Qd7 12. Kh2 Nh5 13. d4 Nxd4 14. Nxd4 c5 15.
Nxe6 1-0

[Event "XXVI Corsicoscacchi Magistrale"]
[Site "Corsico ITA"]
[Date "2003.05.04"]
[Round "7"]
[White "Pelizzola, Danilo"]
[Black "Lucchese, Paolo"]
[Result "1/2-1/2"]
[WhiteElo "1998"]
[BlackElo "1818"]
[PlyCount "138"]
[EventDate "2003.04.30"]

1. e4 c5 2. Nf3 d6 3. d4 cxd4 4. Nxd4 Nf6 5. Nc3 g6 6. Be3 Bg7 7. Bc4 O-O 8.
Bb3 Ng4 9. Qd3 Nxe3 10. Qxe3 Nc6 11. Nce2 Ne5 12. f4 Ng4 13. Qf3 Qa5+ 14. c3 e5
15. Ne6 Bxe6 16. Bxe6 fxe6 17. Qxg4 Rae8 18. O-O Qc5+ 19. Kh1 Qe3 20. fxe5
Rxf1+ 21. Rxf1 Bxe5 22. Qf3 Qxf3 23. Rxf3 Rc8 24. b3 b5 25. Rd3 a5 26. g3 Kf7
27. Kg2 Ke7 28. Kf2 h5 29. h3 g5 30. Kg2 Rc5 31. g4 h4 32. Kf2 b4 33. c4 Rc8
34. Kg2 Ra8 35. Kf2 a4 36. Ke3 axb3 37. axb3 Ra2 38. Rd2 Ra1 39. Rd3 Rf1 40.
Kd2 Kf6 41. Ke3 Bg3 42. Kd2 Rf2 43. Ke1 Rf3+ 44. Kd2 Be1+ 45. Kc2 Rf2 46. Kd1
Rf1 47. Nd4 Bc3+ 48. Ke2 Re1+ 49. Kf2 Rxe4 50. Rf3+ Ke7 51. Ne2 Bd4+ 52. Ke1
Be3 53. Kd1 Bf4 54. Ke1 Re3 55. Kf2 Re4 56. Rd3 Kf6 57. Nd4 Bg3+ 58. Kg2 Be1
59. Kf3 d5 60. cxd5 exd5 61. Nc6 Re6 62. Nd4 Rd6 63. Ke2 Bc3 64. Nb5 Re6+ 65.
Kf3 Ke5 66. Re3+ Kf6 67. Rd3 Ke5 68. Re3+ Kf6 69. Rd3 Ke5 1/2-1/2

[Event "XXVI Corsicoscacchi Magistrale"]
[Site "Corsico ITA"]
[Date "2003.05.04"]
[Round "7"]
[White "Podini, Francesco"]
[Black "Pattarello, Pierluigi"]
[Result "1-0"]
[WhiteElo "2043"]
[BlackElo "1815"]
[PlyCount "163"]
[EventDate "2003.04.30"]

1. e4 e6 2. d3 d5 3. Nd2 Nf6 4. Ngf3 c5 5. g3 Nc6 6. Bg2 Be7 7. O-O O-O 8. e5
Nd7 9. Re1 f6 10. exf6 Nxf6 11. Nf1 Qc7 12. Ng5 e5 13. c3 h6 14. Nf3 Bg4 15.
Qb3 Kh7 16. Ne3 Be6 17. Qc2 g6 18. Qa4 e4 19. dxe4 Nxe4 20. Rf1 Rad8 21. Nd2
Ng5 22. f4 Nf7 23. f5 gxf5 24. Nxf5 Nd6 25. Nxe7 Rxf1+ 26. Nxf1 Qxe7 27. Bf4
Nf5 28. Qc2 Kg7 29. Re1 Qf7 30. Qe2 Re8 31. Bxd5 Nd8 32. Bxe6 Rxe6 33. Be5+ Kg8
34. Qf2 b6 35. Bf4 Rxe1 36. Qxe1 Qe6 37. Qd1 Nf7 38. Qa4 Qe7 39. Qc6 Kg7 40. h4
Qf6 41. Qxf6+ Kxf6 42. Bb8 Ne5 43. Kg2 Nc6 44. Bf4 h5 45. Nd2 Ne5 46. Ne4+ Ke6
47. Nf2 c4 48. Bxe5 Kxe5 49. Kf3 b5 50. Nh3 a5 51. Nf4 Ng7 52. g4 hxg4+ 53.
Kxg4 b4 54. Kf3 bxc3 55. bxc3 Nf5 56. h5 a4 57. a3 Nh6 58. Ng2 Kf5 59. Ne3+ Kg5
60. Nxc4 Kxh5 61. Ke4 Kg5 62. Nb6 Kf6 63. Kd5 Ke7 64. Nxa4 Kd7 65. Nb6+ Kc7 66.
Kc5 Nf7 67. a4 Nd8 68. Nd5+ Kb7 69. Kb5 Nc6 70. a5 Na7+ 71. Ka4 Nc6 72. c4 Nd4
73. Nb4 Kc7 74. c5 Kb7 75. a6+ Ka7 76. Ka5 Nb3+ 77. Kb5 Nd4+ 78. Kc4 Ne6 79.
Kd5 Nc7+ 80. Kc6 Ne6 81. Kd6 Nd4 82. Nc6+ 1-0

[Event "XXVI Corsicoscacchi Magistrale"]
[Site "Corsico ITA"]
[Date "2003.05.04"]
[Round "7"]
[White "Ubezio, Marco"]
[Black "Bini, Lorenzo"]
[Result "1/2-1/2"]
[WhiteElo "2195"]
[BlackElo "2065"]
[PlyCount "113"]
[EventDate "2003.04.30"]

1. d4 b6 2. e4 Bb7 3. Bd3 e6 4. Nf3 c5 5. c3 Nf6 6. Qe2 Be7 7. O-O d6 8. Re1
Nbd7 9. Nbd2 h6 10. Nf1 Qc7 11. Ng3 e5 12. Bd2 g6 13. Rac1 Kf8 14. h4 Kg7 15.
h5 Nf8 16. Nh2 Ne6 17. dxe5 dxe5 18. Bc4 Nf4 19. Qf3 Rad8 20. Rcd1 Bc8 21. hxg6
fxg6 22. Ne2 Ne6 23. Be3 Ng5 24. Bxg5 hxg5 25. Ng3 g4 26. Qe2 Rdf8 27. Ngf1 Rh6
28. Bb3 a6 29. a4 Bd7 30. Qxa6 Rfh8 31. Qc4 Be8 32. Rd3 Rf8 33. Red1 Bf7 34.
Qb5 c4 35. Rd7 Nxd7 36. Rxd7 Qc5 37. Bxc4 Kg8 38. Qxc5 Bxc5 39. Rxf7 Rxf7 40.
Nxg4 Rhh7 41. b4 Bd6 42. Nf6+ Kf8 43. Nxh7+ Rxh7 44. Ne3 Rc7 45. Kf1 Be7 46.
Ke2 Bg5 47. Kd3 Bxe3 48. fxe3 Ke7 49. Bb5 Kd6 50. c4 Ke7 51. a5 bxa5 52. bxa5
Kd6 53. Ke2 Rf7 54. a6 g5 55. Be8 Ra7 56. Bb5 Rf7 57. Be8 1/2-1/2

[Event "XXVI Corsicoscacchi Magistrale"]
[Site "Corsico ITA"]
[Date "2003.05.04"]
[Round "7"]
[White "Zigura, Oleg"]
[Black "Popa, Florin"]
[Result "1/2-1/2"]
[WhiteElo "2367"]
[BlackElo "2204"]
[PlyCount "107"]
[EventDate "2003.04.30"]

1. e4 e5 2. Nf3 Nc6 3. Bb5 g6 4. Bxc6 dxc6 5. b3 Bg7 6. Bb2 Qe7 7. O-O c5 8. h3
Bd7 9. d3 Nh6 10. Nbd2 f6 11. Nc4 Nf7 12. a4 O-O 13. Bc3 Nd6 14. Qc1 Nxc4 15.
bxc4 a5 16. Qb2 b6 17. Nh2 Bh6 18. Rae1 Bg5 19. h4 Bh6 20. Qa1 Rf7 21. Re2 Raf8
22. g3 Bg7 23. f4 Qe8 24. fxe5 fxe5 25. Ref2 Rxf2 26. Rxf2 Rxf2 27. Kxf2 Bxa4
28. Ng4 Bxc2 29. Bxe5 h5 30. Bxg7 hxg4 31. Bh6 Qf7+ 32. Bf4 Bxd3 33. Qe5 a4 34.
h5 Bxc4 35. Qg5 Bb5 36. hxg6 Qa2+ 37. Bd2 Qc4 38. Qd8+ Kg7 39. Qxc7+ Kxg6 40.
Qxb6+ Kg7 41. Qh6+ Kf7 42. Qh5+ Ke7 43. Bg5+ Kd6 44. Bf4+ Ke7 45. Qg5+ Ke8 46.
Qe5+ Kf7 47. Qc7+ Ke8 48. Qc8+ Kf7 49. Qf5+ Ke8 50. Qh5+ Ke7 51. Qg5+ Ke8 52.
Qg6+ Qf7 53. Qd6 Qa2+ 54. Bd2 1/2-1/2